000 00606cam a2200229 4500
001 4561545
005 20180216033953.0
008 740605s1974 stka b 001 0 eng
010 _a 73083852
015 _aGB***
020 _a0443010072
040 _aDLC
_cDLC
_dDLC
041 _aeng
080 _a616.342 LOS
082 0 0 _a616.342 LOS
100 1 _a4
101 _aSHM
245 1 0 _aMalabsorption in clinical practice
_c[by] M. S. Losowsky, B. E. Walker [and] J. Kelleher.
504 _aIncludes bibliographies.
906 _a7
_bcbc
_corignew
_d2
_eopcn
_f19
_gy-gencatlg
942 _2ddc
_cBK
999 _c42732
_d42732